000 02661nam2a2200313 4500
001 RU\NLR\BIBL_A\022715318
005 20260302151431.0
010 _a978-5-00259-080-3
_9300
021 _aRU
_bКН-П-25-076032
_9КН-П-25-7367
035 _a(NLR Aleph) 022715318
090 _a13545068
_c13545068
100 _a20260202d2025 u y0rusy50 ca
101 0 _arus
102 _aRU
105 _aa j 000yy
200 1 _aБолезни системы кровообращения (в т. ч. характеризующиеся повышенным кровяным давлением). Инфекции, передающиеся половым путем
210 _d2025
215 _a31 с.
_cил.
320 _aБиблиогр.: с. 31 (9 назв.) и в подстроч. примеч.
461 0 _1001RU\NLR\BIBL_A\022059029
_12001#$aОрганизация оказания медицинской помощи при социально значимых заболеваниях$vЧ. 4
_912621626
_cСанкт-Петербург
_d2022
_fВ. С. Скрипов, кандидат медицинских наук, Н. И. Вишняков, доктор медицинских наук, профессор, заслуженный деятель науки Российской Федерации, Л. В. Кочорова, доктор медицинских наук, профессор [и др.]
_nРИЦ ПСПбГМУ
_oучебное пособие : для студентов медицинских вузов, клинических ординаторов, обучающихся по специальности "Организация здравоохранения и общественное здоровье" и по клиническим специальностям : в 4 ч.
_tОрганизация оказания медицинской помощи при социально значимых заболеваниях
_y9785889998181
_vЧ. 4
517 1 _aИнфекции, передающиеся половым путем
606 1 _aКардиологическая помощь
_jУчебные издания для высших учебных заведений
_xОрганизация
_91287644
_3RU\NLR\AUTH\66531854
606 1 _aКожно-венерологическая помощь
_jУчебные издания для высших учебных заведений
_xОрганизация
_yРоссийская Федерация
_92403764
_3RU\NLR\AUTH\661432691
686 1 _aР11(2)284.10я73
686 1 _aР11(2)285.8я73
942 _cBOOK
980 _aNB